000 00383 a2200145 4500
001 155666
040 _cEscola São Tomás de Aquino
100 _aFERREIRA, Auréilo Buarque de Holanda
240 1 0 _aDicionário Aurélio ilustrado
_lpor
245 1 0 _aDicionário Aurélio ilustrado
362 0 _a2008
440 1 _aPositivo
697 _aDicionário de português
942 _cMATP
999 _c155666
_d155666